General organic and biochemistry

Saved in:
Bibliographic Details
Main Author: Katherine J. Denniston
Format: Book
Language:Undetermined
Published: Boston McGraw-Hill 2001
Subjects:
Tags: Add Tag
No Tags, Be the first to tag this record!
Institutions: Trung tâm Học liệu Trường Đại học Cần Thơ
LEADER 00570nam a2200193Ia 4500
001 CTU_48869
008 210402s9999 xx 000 0 und d
082 |a 547 
082 |b D411 
100 |a Katherine J. Denniston 
245 0 |a General organic and biochemistry 
245 0 |c Katherine J. Denniston, Josseph J. Topping, Robert L. Caret 
260 |a Boston 
260 |b McGraw-Hill 
260 |c 2001 
526 |a Sinh hóa nâng cao 
526 |b CSS610 
650 |a biochemistry,chemisrty, organic 
980 |a Trung tâm Học liệu Trường Đại học Cần Thơ